| 000 | 00847nma a22002297a 4500 | ||
|---|---|---|---|
| 005 | 20210325193304.0 | ||
| 006 | g q || | ||
| 008 | th tha d | ||
| 041 | _atha | ||
| 090 | _aCD496/1/3961150764,CD496/2/3961150765 | ||
| 100 | 0 | _aYJ16 | |
| 245 | 1 | 0 | _aแบบบ้านเพื่อประชาชน [CD-ROM] |
| 260 | 3 |
_aกรุงเทพฯ : _bกระทรวงมหาดไทย. กรมโยธาธิการและผังเมือง, _cม.ป.ป. |
|
| 300 | _a1 แผ่นSoundColour | ||
| 650 | 0 | 4 | _aบ้าน |
| 650 | 0 | 4 | _aบ้าน -- การออกแบบ |
| 650 | 0 | 4 | _aแบบบ้าน |
| 850 | _aNALT | ||
| 942 | _cCD | ||
| 997 |
_c000000000039649 _kVC |
||
| 998 | _aน.ส.อรอุษา โอภาสมงคลชัย | ||
| 999 |
_c39649 _d39649 |
||